| 000 | 00524 a2200193 4500 | ||
|---|---|---|---|
| 003 | NUST | ||
| 005 | 20231212160408.0 | ||
| 008 | 231011b ||||| |||| 00| 0 eng d | ||
| 020 | _a9694190142 | ||
| 040 |
_aDLC _bDLC |
||
| 082 |
_a891.4393 _bYOU |
||
| 100 |
_aMashtaq, Ahmed Yousafi. _935614 |
||
| 245 |
_a Zargazashat _cMushtaq, Ahmed Yousafi _h[Urdu] |
||
| 260 |
_aKarachi: _bDanyaal, _c2004. |
||
| 300 |
_a 332 p. _c; 24 cm. |
||
| 500 | _aIncludes Index | ||
| 650 |
_aFiction-urdu _925392 |
||
| 942 |
_cBK _k 891.4393 MUS _2ddc |
||
| 999 |
_c5175 _d5175 |
||